| 000 | 01937nam0a2200385 4500 | ||
|---|---|---|---|
| 001 | RU\NLR\bibl\593230 | ||
| 005 | 20260406133202.0 | ||
| 010 |
_a5-699-05418-9 _bв пер. _96000 |
||
| 021 |
_aRU _b2004-31917 _91605 |
||
| 035 | _aRSL-KNO-002439066 | ||
| 035 | _a(NLR Aleph) 000585196 | ||
| 090 |
_a1677997 _c1677997 |
||
| 100 | _a20040603d2004 |||y0rusy50 ca | ||
| 101 | 1 |
_arus _ceng |
|
| 102 | _aRU | ||
| 105 | _ay ||||||||| | ||
| 106 | _ar | ||
| 200 | 1 |
_aЛорд Демон _e[фантаст. романы _eпер. с англ.] _fРоджер Желязны, Джейн Линсколд |
|
| 210 |
_aМ. _cЭксмо _d2004 _eАООТ Твер. полигр. комб. |
||
| 215 |
_a1066, [2] с. _d21 |
||
| 225 | 1 |
_aОтцы-основатели _iВесь Желязны |
|
| 300 | _aНа обл. авт. не указаны | ||
| 327 | 1 | _aСодерж.: Доннерджек; Хрономастер; Лорд Демон | |
| 610 | 0 | _aФилологические науки. Художественная литература -- США -- Американская литература -- с 1945 г. -- Произведения художественной литературы -- Художественная проза -- Романы. Повести. Рассказы -- Фантастические и мистические романы, повести, рассказы. Романы ужасов | |
| 686 |
_aШ5(7США)62-644.5 _2rubbk |
||
| 686 | _aШ6(7США)67-445(Ж){Лх1979-62(Ж)} | ||
| 686 | _aШ6(7США)67-445(Л){Лх1979-62(Л)} | ||
| 700 | 1 |
_4070 _8rus _7ca _aЖелязны _bР. _f1937-1995 _gРоджер _3RU\NLR\auth\772011 _9112028 |
|
| 701 | 1 |
_4070 _8rus _7ca _aЛиндсколд _bД. _gДжейн _3RU\NLR\auth\7751712 _934645 |
|
| 801 | 0 |
_aRU _bRuMoRKP _c20040603 _grcr |
|
| 801 | 1 |
_aRU _bRuMoRGB _c20040603 |
|
| 801 | 2 |
_aRU _bNLR _c20050106 _gPSBO |
|
| 942 | _cBOOK | ||
| 980 | _aNB | ||